| 000 | 00587nam a2200169 4500 | ||
|---|---|---|---|
| 001 | 111518 | ||
| 003 | ES-MaACL | ||
| 005 | 20230906185321.0 | ||
| 007 | t| | ||
| 008 | 061121s1976 sp r ||||1| spa d | ||
| 100 | 1 |
_aOrella Unzúe, José Luis de. _987222 |
|
| 245 | 1 | 0 |
_aPartidos políticos eclesiales ayer (Renacimiento) y hoy (España) / _cJosé Luis de Orella Unzúe. |
| 260 |
_aSan Sebastián : _bCaja de Ahorros Provincial de Guipuzcoa, _c1976. |
||
| 300 |
_a198 p. ; _c21 cm. |
||
| 710 | 2 |
_aCaja de Ahorros Provincial de Guipúzcoa. _92306 |
|
| 852 |
_aES-MaACL _jA-5674 _bR.94609 |
||
| 999 |
_c111518 _d111518 |
||